000 01374nam a22002297a 4500
999 _c60454
_d60454
003 Ge_BSU
005 20230721150745.0
008 230721s2022ge xxu||||| |||| 00| 0 geo d
020 _a9789941501357
041 _ageo
080 _a378 უ-47
245 _aუნივერსიტეტები მოძრაობაში:
_bგამოწვევები და პასუხიმგებლობები /
_cრედ. შალვა მაჭავარიანი, გიორგი თავაძე;
264 _aთბილისი :
_bაღმოსავლეთ ევროპის უნივერსიტეტი,
_c2022.
300 _a153 გვ.:
_b20 სმ..
653 _aგანათლება
653 _aუმაღლესი განათლება
700 _aმაჭავარიანი, შალვა
_eრედაქტორი
_913516
700 _aთავაძე, გიორგი
_eრედაქტორი
_92230
710 _aაღმოსავლეთ ევროპის უნივერსიტეტი, ვარლამ ჩერქეზიშვილის სახელობის ინტერდისციპლინური კვლევების ცენტრი
_914006
773 _tნაჩუქარი
942 _2udc
_cBK